000 00626nam a2200229Ia 4500
003 OSt
005 20220928122045.0
006 a|||||r|||| 00| 0
007 ta
008 220927b |||||||| |||| 00| 0 eng d
024 _a27952
037 _cTextual
040 _aSDCL
_cSDCL
_beng
041 _2eng
_aeng
082 _aV2y7M75, N9
100 _aRavindra Kumar
_9394108
245 0 _aSardar Vallabhbhai Patel and comrade MaoTse-Tung.
260 _aNew Delhi
_bMittal Publications
_c1999
300 _axiv,115p
_ccm.
942 _hV2y7M75, N9
_cTEXL
_2CC
999 _c769394
_d769394